000 00496nam a2200205Ia 4500
005 20250923150419.0
008 008 250917s9999 xx 000 0 eng d
037 _aTextual
040 _aDSWL
_beng
_cDSWL
041 _aeng
_2eng
084 _qDSWL
100 _aWolff, K
_9845695
245 0 _aDrug and alcohal studies
_cby K Wolff
260 _aLondon
_b Sage Pub.
_c2017
300 _a550 p.
365 _aGBP
_b135
925 _g135
942 _cTEXL
999 _c1463188
_d1463188